000 00779nam a22002777a 4500
003 CHAP
005 20220329134533.0
008 971013s1971 r 00010 d
010 _a21808
011 _a22780
035 _a26875
040 _cCHAP
082 _a382
_bC5Y
100 0 0 _aClement, M. O.
_923761
245 _aManual de economía internacional
260 _aBuenos Aires :
_bAmorrortu,
_c(1971)
300 _a465 p.
590 _aBATCH-UPD
_b10
_c20130110
_lUCH01
_h1333
590 _aCONVERSION
_b10
_c20130109
_lUCH01
_h1313
650 1 4 _aComercio internacional.
_925641
700 0 _aPfister, R. L.
_987736
700 0 _aRothwell, R. J.
_9100287
901 _aBK
942 _cLIBRO
949 _a382 C5Y
_bBC
_cLIBRO
_d33724000442059
_eLIBRO
_h16721
_i26875
_mD
_si
999 _c21808
_d21808